Khoa học quản lý giáo dục : Một số vấn đề lý luận và thực tiễn
Na minha lista:
| Autor principal: | |
|---|---|
| Formato: | Livro |
| Idioma: | Undetermined |
| Publicado em: |
Việt Nam
|
| Assuntos: | |
| Tags: |
Adicionar Tag
Sem tags, seja o primeiro a adicionar uma tag!
|
| Thư viện lưu trữ: | Trung tâm Học liệu Trường Đại học Cần Thơ |
|---|
| LEADER | 00519nam a2200169Ia 4500 | ||
|---|---|---|---|
| 001 | CTU_99597 | ||
| 008 | 210402s9999 xx 000 0 und d | ||
| 020 | |c 28000 | ||
| 082 | |a 370 | ||
| 082 | |b K304 | ||
| 100 | |a Trần, Kiểm | ||
| 245 | 0 | |a Khoa học quản lý giáo dục : | |
| 245 | 0 | |b Một số vấn đề lý luận và thực tiễn | |
| 245 | 0 | |c Trần Kiểm | |
| 260 | |a Việt Nam | ||
| 650 | |a Education and state | ||
| 980 | |a Trung tâm Học liệu Trường Đại học Cần Thơ | ||